Las grandes miserias (Record no. 154232)

MARC details
000 -LEADER
campo de control de longitud fija 00703nam a22002055i 4500
001 - NÚMERO DE CONTROL
campo de control 154232
003 - IDENTIFICADOR DE NÚMERO DE CONTROL
campo de control ES-MaACL
005 - FECHA Y HORA DE LA ÚLTIMA TRANSACCIÓN
campo de control 20250822074253.0
008 - DATOS DE LONGITUD FIJA--INFORMACIÓN GENERAL
campo de control de longitud fija 940202s1874 sp |||| | spa d
040 ## - FUENTE DE CATALOGACIÓN
Centro catalogador/agencia de origen CAM
Lengua de catalogación spa
100 1# - ENTRADA PRINCIPAL--NOMBRE DE PERSONA
Nombre de persona García Ladevese, Ernesto.
9 (RLIN) 54806
245 14 - MENCIÓN DEL TÍTULO
Título Las grandes miserias
Resto del título : historia de dos crimenes /
Mención de responsabilidad, etc. Ernesto García Ladevese.
260 ## - PUBLICACIÓN, DISTRIBUCIÓN, ETC.
Lugar de publicación, distribución, etc. Madrid :
Nombre del editor, distribuidor, etc. R. Labajos, Editor,
Fecha de publicación, distribución, etc. 1874.
300 ## - DESCRIPCIÓN FÍSICA
Extensión 238 p. ;
Dimensiones 19 cm.
490 1# - MENCIÓN DE SERIE
Mención de serie Dramas ocultos de Madrid
700 11 - ENTRADA AGREGADA--NOMBRE PERSONAL
Nombre de persona Labajos, Roque,
Fechas asociadas al nombre 1850-1899
Término indicativo de función/relación
9 (RLIN) 128537
830 0# - PUNTO DE ACCESO ADICIONAL DE SERIE-TÍTULO UNIFORME
Título uniforme Dramas ocultos de Madrid
9 (RLIN) 221469
852 ## - LOCALIZACIÓN
Ubicación ES-MaACL
Número de control de estantería G-10729(3)
Nota libre -- Enc. hol.
condición física -- Falto de la cub. original
Holdings
Estatus retirado Estado de pérdida Estado de daño No para préstamo Colección Biblioteca de origen Biblioteca actual Ubicación en estantería Fecha de adquisición Fuente de adquisición Total de préstamos Signatura topográfica completa Código de barras Visto por última vez Precio de reemplazo Tipo de ítem Koha
        Libros del s. XIX Biblioteca del Ateneo de Madrid Biblioteca del Ateneo de Madrid Sala Pecera Planta 3 17/01/2008     G-10729(3) 1161278 23/02/2023 23/02/2023 Libro impreso antiguo